000 00336nam a2200145Ia 4500
999 _c14286
_d14286
003 OSt
005 20260406171135.0
008 260210s9999 xx 000 0 und d
020 _a9789394797970
100 _aCHARLES FABRI
245 0 _aTEMPLE ARCHITECTURE OF ORISSA
260 _bSHUBHI PUB 2023
260 _c2023
942 _cUG
_2ddc